000 00637cam a2200205 i 4500
999 _c4951
_d4951
008 211123s2022 nyua c 6 000 1 eng
010 _a 2021055634
020 _a9780593202975
_q(hardcover)
020 _a9780593202999
_q(trade paperback)
020 _z9780593202982
020 _z9780593205822
020 _z9780593205815
050 0 0 _aPZ7.7.B83
_bMi 2022
082 0 0 _a741.5 BUR
_223/eng/20211123
100 1 _aBurks, James
_q(James R.),
_eauthor,
_eillustrator.
245 1 0 _aMind control! /
_cJames Burks.
300 _a1 volume (unpaged) :
_bcolor illustrations ;
_c24 cm.
500 _aSequel to: Flood-a-geddon!
942 _2ddc